000 00726nam a22002417a 4500
003 OSt
005 20210429135834.0
007 ta
008 210312e2020 dr a|||er|||| 001 jdspa d
020 _a9789945220643
040 _aDO-SdBNP
_bspa
_cBNPHU
041 _hspa
082 4 _aRD861.5
_bP123v
_222
100 1 _aPadilla Dujarric, Juan
_978112
245 1 3 _aLas veladas de un viajero :
_ben busca de la escalada del ser /
_cJuan Padilla Dujarric
260 _aSanto Domingo :
_bBúho ,
_c2020.
300 _a101 p. :
_bil. ;
_c21 cm.
590 _aInventariado, 2021/MF
650 4 _aPoesía dominicana
_978494
650 4 _aLiteratura domincana
_925681
910 _aValidado. Control de calidad MFF
942 _2ddc
_cLBS1
999 _c49549
_d49549